<?xml version="1.0" encoding="UTF-8"?>
<record
    xmlns:xsi="http://www.w3.org/2001/XMLSchema-instance"
    xsi:schemaLocation="http://www.loc.gov/MARC21/slim http://www.loc.gov/standards/marcxml/schema/MARC21slim.xsd"
    xmlns="http://www.loc.gov/MARC21/slim">

  <leader>01935nam a22002537a 4500</leader>
  <controlfield tag="005">20260328092951.0</controlfield>
  <controlfield tag="008">260328b        |||||||| |||| 00| 0 eng d</controlfield>
  <datafield tag="020" ind1=" " ind2=" ">
    <subfield code="a">9789354669606</subfield>
  </datafield>
  <datafield tag="040" ind1=" " ind2=" ">
    <subfield code="c">AL</subfield>
  </datafield>
  <datafield tag="041" ind1=" " ind2=" ">
    <subfield code="a">eng</subfield>
  </datafield>
  <datafield tag="082" ind1=" " ind2=" ">
    <subfield code="a">621.395</subfield>
    <subfield code="b">KAND</subfield>
  </datafield>
  <datafield tag="100" ind1=" " ind2=" ">
    <subfield code="a">Nagoor Kani A</subfield>
    <subfield code="9">259678</subfield>
  </datafield>
  <datafield tag="245" ind1=" " ind2=" ">
    <subfield code="a">Digital logic circuits</subfield>
    <subfield code="b">: with VHDL and Verilog Programs</subfield>
  </datafield>
  <datafield tag="260" ind1=" " ind2=" ">
    <subfield code="a">New Delhi</subfield>
    <subfield code="b">CBS Publishers and Distributors Pvt Ltd</subfield>
    <subfield code="c">2025</subfield>
  </datafield>
  <datafield tag="300" ind1=" " ind2=" ">
    <subfield code="a">xxii,1350p</subfield>
    <subfield code="b">PB</subfield>
    <subfield code="c">24x17cm</subfield>
  </datafield>
  <datafield tag="365" ind1=" " ind2=" ">
    <subfield code="2">Electronics and Communication Engineering</subfield>
    <subfield code="a">VBI-2645</subfield>
    <subfield code="b">&#x20B9;821.25</subfield>
    <subfield code="c">&#x20B9;</subfield>
    <subfield code="d">&#x20B9;1095.00</subfield>
    <subfield code="e">25%</subfield>
    <subfield code="f">20-02-2026</subfield>
  </datafield>
  <datafield tag="520" ind1=" " ind2=" ">
    <subfield code="a">This book is designed for BE|BTech|BSc|MSc students of all Indian universities. An easy to understand text with crisp but complete explanations of topics will enable the students to understand the basic concepts easily.
This book is organized with 15 chapters. The fundamental concepts, analysis, and design of digital logic circuits and systems are presented in a simple and elaborative manner. Throughout the book, carefully chosen examples are supplemented with illustrative diagrams so that the reader will clearly understand the concepts discussed.
Salient features
&#x2605; Solution for university questions will enable students to score better in examinations
&#x2605; Clear explanation of concepts with appropriate diagrams
&#x2605; Different types of fonts for text, proofs, problems, and VHDL/Verilog programs for better understanding
&#x2605; Step-by-step presentation of proofs and solved problems
&#x2605; Examples of digital system implementation using standard ICs
&#x2605; Practical application examples of digital systems
&#x2605; Introduction to HDL Languages: VHDL and Verilog with programs and test benches</subfield>
  </datafield>
  <datafield tag="650" ind1=" " ind2=" ">
    <subfield code="a">Number Systems</subfield>
    <subfield code="9">259679</subfield>
  </datafield>
  <datafield tag="650" ind1=" " ind2=" ">
    <subfield code="a">Binary Codes</subfield>
    <subfield code="9">259680</subfield>
  </datafield>
  <datafield tag="650" ind1=" " ind2=" ">
    <subfield code="a">Boolean Algebra and Logic Gates</subfield>
    <subfield code="9">259681</subfield>
  </datafield>
  <datafield tag="650" ind1=" " ind2=" ">
    <subfield code="a">Data Converters</subfield>
    <subfield code="9">259682</subfield>
  </datafield>
  <datafield tag="650" ind1=" " ind2=" ">
    <subfield code="a">Latches and Flip Flops</subfield>
    <subfield code="9">259683</subfield>
  </datafield>
  <datafield tag="942" ind1=" " ind2=" ">
    <subfield code="2">ddc</subfield>
    <subfield code="c">BK</subfield>
  </datafield>
  <datafield tag="999" ind1=" " ind2=" ">
    <subfield code="c">241080</subfield>
    <subfield code="d">241080</subfield>
  </datafield>
  <datafield tag="952" ind1=" " ind2=" ">
    <subfield code="0">0</subfield>
    <subfield code="1">0</subfield>
    <subfield code="2">ddc</subfield>
    <subfield code="4">0</subfield>
    <subfield code="7">0</subfield>
    <subfield code="8">ECE </subfield>
    <subfield code="a">SE</subfield>
    <subfield code="b">SE</subfield>
    <subfield code="d">2026-03-23</subfield>
    <subfield code="e">Vidyathri Books, Bengaluru-560076</subfield>
    <subfield code="g">821.25</subfield>
    <subfield code="l">0</subfield>
    <subfield code="o">621.395 KAND</subfield>
    <subfield code="p">SE000358</subfield>
    <subfield code="r">2026-03-28 09:31:26</subfield>
    <subfield code="v">1095.00</subfield>
    <subfield code="w">2026-02-20</subfield>
    <subfield code="y">BK</subfield>
  </datafield>
</record>
